000 01702cam0 2200385 ib4500
001 BY-MI0013-br4503668
005 20260312092441.0
010 ^a978-5-17-117130-8
^bв переплете
100 ^a20260310d2019 c y0rusy50 ca
101 1 ^arus
^ceng
102 ^aRU
105 ^aa z 000ay
109 ^ama
181 0 ^ai4
200 1 ^aUglyDolls. Куклы с характером. Официальная новеллизация
^eповесть
^eдля младшего школьного возраста
^fАрден Хейс
^gсценарий Элисон Пек
^gсюжет Роберта Родригеса
203 ^aТекст
^cнепосредственный
210 ^aМосква
^cАСТ
^d2019
215 ^a157, [2] с.
^cил.
^d21 см
225 1 ^aСерия "UglyDolls. Куклы с характером"
333 ^a0+
345 ^94000 экз.
608 ^aПОВЕСТЬ
^3BY-NLB-ar23936
^2BYGNR
608 ^aДЕТСКАЯ И ЮНОШЕСКАЯ ЛИТЕРАТУРА (художеств. произведение)
^3BY-NLB-ar9019
^2BYGNR
686 ^a84(7Сое)
^2rubbk
690 ^a1
^2Base
^9BY-MI0013
^xRSEK
700 1 ^aХейс
^bА.
^3BY-SEK-ar6773502
702 1 ^aРодригес
^bР.
^gРоберт
^cрежиссер
^fрод. 1968
^3BY-SEK-606790
^4690
702 1 ^aЧечина
^bА. А.
^gАлиса Александровна
^cпереводчица
^fрод. 1980
^3BY-SEK-964545
^4730
702 1 ^aПек
^bЭ.
^gЭлисон
^4690
801 0 ^aBY
^bBY-MI0013
^c20260310
^gRCR
035 ^a(BY-MI0013)BY-MI0013-br4503668
899 0 ^aBY-MI0013
^iХ-35
^h84(7Сое)